<?xml version="1.0" encoding="UTF-8"?><record xmlns="http://www.loc.gov/MARC21/slim" xmlns:zs="http://docs.oasis-open.org/ns/search-ws/sruResponse">
  <leader>03299cpcaa2200637 i 4500</leader>
  <controlfield tag="001">20216702</controlfield>
  <controlfield tag="005">20250607084003.1</controlfield>
  <controlfield tag="008">171215||||||||||||                 eng  </controlfield>
  <datafield ind1=" " ind2=" " tag="035">
    <subfield code="a">20216702</subfield>
  </datafield>
  <datafield ind1=" " ind2=" " tag="906">
    <subfield code="a">7</subfield>
    <subfield code="b">cbc</subfield>
    <subfield code="c">orignew</subfield>
    <subfield code="d">u</subfield>
    <subfield code="e">ncip</subfield>
    <subfield code="f">20</subfield>
    <subfield code="g">y-manuscri</subfield>
  </datafield>
  <datafield ind1=" " ind2=" " tag="010">
    <subfield code="a">mm2017086195</subfield>
  </datafield>
  <datafield ind1="7" ind2=" " tag="024">
    <subfield code="a">MSS86195</subfield>
    <subfield code="q">: Manuscript Division collection ID</subfield>
    <subfield code="2">lcmd</subfield>
  </datafield>
  <datafield ind1=" " ind2=" " tag="040">
    <subfield code="a">DLC</subfield>
    <subfield code="b">eng</subfield>
    <subfield code="e">dacs</subfield>
    <subfield code="c">DLC</subfield>
    <subfield code="d">DLC</subfield>
  </datafield>
  <datafield ind1=" " ind2="7" tag="072">
    <subfield code="a">I</subfield>
    <subfield code="2">lcmd</subfield>
  </datafield>
  <datafield ind1=" " ind2=" " tag="090">
    <subfield code="a">MMC-3430</subfield>
  </datafield>
  <datafield ind1=" " ind2=" " tag="090">
    <subfield code="a">Vault 0202C</subfield>
  </datafield>
  <datafield ind1="1" ind2=" " tag="100">
    <subfield code="a">Krc, Jan,</subfield>
    <subfield code="d">1956-</subfield>
  </datafield>
  <datafield ind1="0" ind2="0" tag="245">
    <subfield code="a">Jan Krc papers,</subfield>
    <subfield code="f">1984-2017</subfield>
    <subfield code="g">(bulk 1984-1994).</subfield>
  </datafield>
  <datafield ind1=" " ind2=" " tag="300">
    <subfield code="a">2,400</subfield>
    <subfield code="f">items.</subfield>
  </datafield>
  <datafield ind1=" " ind2=" " tag="300">
    <subfield code="a">7</subfield>
    <subfield code="f">containers plus</subfield>
    <subfield code="a">1</subfield>
    <subfield code="f">classified.</subfield>
  </datafield>
  <datafield ind1=" " ind2=" " tag="300">
    <subfield code="a">2.8</subfield>
    <subfield code="f">linear feet.</subfield>
  </datafield>
  <datafield ind1=" " ind2=" " tag="351">
    <subfield code="a">Arranged in three series.  Series 1: Chronological File, 1941-2017; Series 2: Miscellany, 1992-2017; and Series 3: Classified, 1986-1990.</subfield>
  </datafield>
  <datafield ind1="0" ind2=" " tag="506">
    <subfield code="a">Open to research.</subfield>
  </datafield>
  <datafield ind1="1" ind2=" " tag="506">
    <subfield code="a">Classified, in part.</subfield>
  </datafield>
  <datafield ind1="8" ind2=" " tag="520">
    <subfield code="a">Correspondence, oral history interview transcript, court memoranda, depositions, briefs, notes, clippings, and other papers related to Krc's legal case against the United States Information Agency, his debriefing and interrogation focused on his homosexuality, and the relation between LGBT rights and national security.  Includes newsletters and other documents related to the Gays and Lesbians in Foreign Affairs Agencies (GLIFFA).</subfield>
  </datafield>
  <datafield ind1=" " ind2=" " tag="524">
    <subfield code="a">Researchers wishing to cite this collection should include the following information: Container number, Jan Krc Papers, Manuscript Division, Library of Congress, Washington, D.C.</subfield>
  </datafield>
  <datafield ind1=" " ind2=" " tag="541">
    <subfield code="c">Gift,</subfield>
    <subfield code="a">Jan Krc,</subfield>
    <subfield code="d">2017.</subfield>
  </datafield>
  <datafield ind1="0" ind2=" " tag="545">
    <subfield code="a">Foreign service officer.</subfield>
  </datafield>
  <datafield ind1=" " ind2=" " tag="546">
    <subfield code="a">Collection material in English.</subfield>
  </datafield>
  <datafield ind1="8" ind2=" " tag="555">
    <subfield code="a">Finding aid available in the Library of Congress Manuscript Reading Room and at</subfield>
    <subfield code="u">http://hdl.loc.gov/loc.mss/eadmss.ms018001</subfield>
  </datafield>
  <datafield ind1="2" ind2="0" tag="610">
    <subfield code="a">Gays and Lesbians in Foreign Affairs Agencies.</subfield>
  </datafield>
  <datafield ind1="2" ind2="0" tag="610">
    <subfield code="a">United States Information Agency.</subfield>
  </datafield>
  <datafield ind1=" " ind2="0" tag="650">
    <subfield code="a">Civil service</subfield>
    <subfield code="z">United States.</subfield>
  </datafield>
  <datafield ind1=" " ind2="0" tag="650">
    <subfield code="a">Diplomatic and consular service, American.</subfield>
  </datafield>
  <datafield ind1=" " ind2="0" tag="650">
    <subfield code="a">Discrimination</subfield>
    <subfield code="z">United States,</subfield>
  </datafield>
  <datafield ind1=" " ind2="0" tag="650">
    <subfield code="a">Discrimination in employment</subfield>
    <subfield code="z">United States.</subfield>
  </datafield>
  <datafield ind1=" " ind2="0" tag="650">
    <subfield code="a">Gay people</subfield>
    <subfield code="x">Employment</subfield>
    <subfield code="z">United States.</subfield>
  </datafield>
  <datafield ind1=" " ind2="0" tag="650">
    <subfield code="a">Gay people</subfield>
    <subfield code="x">Government policy</subfield>
    <subfield code="z">United States.</subfield>
  </datafield>
  <datafield ind1=" " ind2="0" tag="650">
    <subfield code="a">Gay people</subfield>
    <subfield code="x">Legal status, laws, etc.</subfield>
    <subfield code="z">United States.</subfield>
  </datafield>
  <datafield ind1=" " ind2="0" tag="650">
    <subfield code="a">Gay people</subfield>
    <subfield code="z">United States.</subfield>
  </datafield>
  <datafield ind1=" " ind2="0" tag="650">
    <subfield code="a">Gay people in the civil service</subfield>
    <subfield code="z">United States.</subfield>
  </datafield>
  <datafield ind1=" " ind2="0" tag="650">
    <subfield code="a">Homosexuality</subfield>
    <subfield code="x">Government policy</subfield>
    <subfield code="z">United States.</subfield>
  </datafield>
  <datafield ind1=" " ind2="0" tag="650">
    <subfield code="a">Homosexuality</subfield>
    <subfield code="x">Law and legislation</subfield>
    <subfield code="z">United States.</subfield>
  </datafield>
  <datafield ind1=" " ind2="0" tag="650">
    <subfield code="a">Homosexuality</subfield>
    <subfield code="x">Societies, etc.</subfield>
  </datafield>
  <datafield ind1=" " ind2="0" tag="650">
    <subfield code="a">Homosexuality</subfield>
    <subfield code="z">United States.</subfield>
  </datafield>
  <datafield ind1=" " ind2="0" tag="650">
    <subfield code="a">National security</subfield>
    <subfield code="z">United States.</subfield>
  </datafield>
  <datafield ind1=" " ind2="0" tag="650">
    <subfield code="a">Sexual minorities</subfield>
    <subfield code="x">Employment</subfield>
    <subfield code="z">United States.</subfield>
  </datafield>
  <datafield ind1=" " ind2="0" tag="650">
    <subfield code="a">Sexual minorities</subfield>
    <subfield code="x">Government policy</subfield>
    <subfield code="z">United States.</subfield>
  </datafield>
  <datafield ind1=" " ind2="0" tag="650">
    <subfield code="a">Sexual minorities</subfield>
    <subfield code="x">Legal status, laws, etc.</subfield>
    <subfield code="z">United States.</subfield>
  </datafield>
  <datafield ind1=" " ind2="0" tag="650">
    <subfield code="a">Sexual minorities</subfield>
    <subfield code="z">United States.</subfield>
  </datafield>
  <datafield ind1=" " ind2="7" tag="656">
    <subfield code="a">Foreign service officers.</subfield>
    <subfield code="2">itoamc</subfield>
  </datafield>
  <datafield ind1=" " ind2=" " tag="852">
    <subfield code="a">Library of Congress</subfield>
    <subfield code="b">Manuscript Division</subfield>
    <subfield code="e">Washington, D.C. 20540 USA</subfield>
    <subfield code="n">dcu</subfield>
    <subfield code="u">http://hdl.loc.gov/loc.mss/mss.home</subfield>
  </datafield>
  <datafield ind1="4" ind2="2" tag="856">
    <subfield code="3">Finding aid</subfield>
    <subfield code="u">http://hdl.loc.gov/loc.mss/eadmss.ms018001</subfield>
  </datafield>
  <datafield ind1="4" ind2="2" tag="856">
    <subfield code="3">Finding aid (PDF)</subfield>
    <subfield code="u">http://hdl.loc.gov/loc.mss/eadmss.ms018001.3</subfield>
  </datafield>
  <datafield ind1=" " ind2=" " tag="985">
    <subfield code="e">MSS.</subfield>
  </datafield>
  <datafield ind1=" " ind2=" " tag="985">
    <subfield code="a">mss/ead</subfield>
  </datafield>
</record>
